|
|
|
|
| LEADER |
00000cam a2200000 a 4500 |
| 001 |
vtls001113568 |
| 003 |
SK-MaSNL |
| 005 |
20260301233249.0 |
| 008 |
240318s1978 xr oa g 00000 hun |
| 015 |
|
|
|a SNBA1978
|
| 035 |
|
|
|a SNK000056411
|
| 040 |
|
|
|a SNK
|b slo
|c SNK
|e AACR2
|
| 041 |
0 |
|
|a hun
|
| 043 |
|
|
|a e-hu---
|
| 044 |
|
|
|a xo
|c SK
|
| 080 |
|
|
|a 943.9"1914-1919":894.511-96(087.5)
|2 1981
|
| 080 |
|
|
|a 894.511-96(087.5)
|2 1981
|
| 080 |
|
|
|a 894.511-96(087.5)=945.11
|2 1981
|
| 100 |
1 |
|
|a Zalka, Miklós
|4 aut
|9 590183
|
| 245 |
1 |
0 |
|a Mindenkihez!
|b a magyar tanácsköztársaság története
|c Miklós Zalka ; József Horvai, Ferenc Németh
|
| 246 |
1 |
1 |
|a Všetkým
|
| 250 |
|
|
|a 3. vyd.
|
| 260 |
|
|
|a Bratislava
|b Madách
|c 1978
|
| 300 |
|
|
|a 160 s., 30 s. fot. príl.
|b fotogr., mp.
|c 29 cm
|
| 366 |
|
|
|e 950 výt.
|
| 490 |
1 |
|
|a Képes Történelem
|
| 500 |
|
|
|a 48850 výt. pre Móra Ferenc Ifjúsági Könyvkiadó, Budapest
|
| 650 |
0 |
7 |
|a prvá svetová vojna (1914-1918)
|2 SNKPH
|9 162650
|
| 651 |
|
7 |
|a Maďarsko
|x dejiny
|2 SNKPH
|9 18630
|
| 655 |
|
7 |
|a obrazové publikácie
|2 SNKPH
|9 70343
|
| 700 |
1 |
|
|a Horvai, József
|4 aut
|9 450517
|
| 700 |
1 |
|
|a Németh, Ferenc
|4 aut
|9 450518
|
| 830 |
|
0 |
|a Képes Történelem
|9 308278
|
| 958 |
|
|
|a HU
|
| 958 |
|
|
|a NM
|
| 958 |
|
|
|a OND
|
| 999 |
|
|
|c 965340
|d 967270
|
| 952 |
|
|
|a SNK
|b SNK
|y PREZ
|7 0
|p 17A0971049
|o snkSB 27373
|i snkKSP 6789/78
|0 0
|1 0
|4 0
|d 2013-06-28
|f 1
|l 0
|r 2025-03-31 00:00:00
|w 2026-02-24
|
| 952 |
|
|
|a SNK
|b SNK
|y PREZ
|7 0
|p 17A1022736
|o snkSB 27373 príl.
|i snkKSP 6789/78
|3 Príloha: brožúra
|z Príloha: brožúra
|0 0
|1 0
|4 0
|d 2013-06-28
|l 0
|r 2025-03-31 00:00:00
|w 2026-02-24
|